Libéralisme et militarisme aux États-Unis, des origines à l'âge post-industriel (notice n° 1631284)

détails MARC
000 -LEADER
fixed length control field 01788cam a2200169 4500500
005 - DATE AND TIME OF LATEST TRANSACTION
control field 20260111104955.0
041 ## - LANGUAGE CODE
Language code of text/sound track or separate title fre
042 ## - AUTHENTICATION CODE
Authentication code dc
100 10 - MAIN ENTRY--PERSONAL NAME
Personal name Ekovich, Steven
Relator term author
245 00 - TITLE STATEMENT
Title Libéralisme et militarisme aux États-Unis, des origines à l'âge post-industriel
260 ## - PUBLICATION, DISTRIBUTION, ETC.
Date of publication, distribution, etc. 2005.<br/>
500 ## - GENERAL NOTE
General note 50
520 ## - SUMMARY, ETC.
Summary, etc. RésuméLes trois sources de puissance généralement reconnues - économique, militaire et culturelle - se sont développées dans le contexte d’un libéralisme indissociable des origines américaines. La nature de l’État a aussi joué un grand rôle, en particulier récemment avec l’émergence de l’État « virtuel » post-moderne. Défense et militarisme aux États-Unis doivent donc être compris en analysant comment l’État américain a su articuler ces facteurs sans renier son héritage libéral réticent à la raison d’État.
520 ## - SUMMARY, ETC.
Summary, etc. Liberalism and Militarism in the US from the Origins to the Post-Industrial AgeThe three widely admitted sources of power - economic, military and cultural - have mutually influenced each other in the vibrant context of American liberalism. The nature of the state has also played a significant role, especially recently with the rise of the post-modern “virtual state”. So, the nature of American defense must be also understood by analyzing how today’s American state has mobilized and integrated the three sources of power, all in the context of a historic liberalism that favours the exaltation of trade and business enterprise over military pursuits in the name of raison d’État.
786 0# - DATA SOURCE ENTRY
Note Politique américaine | 2 | 2 | 2005-06-01 | p. 63-77 | 1771-8848
856 41 - ELECTRONIC LOCATION AND ACCESS
Uniform Resource Identifier <a href="https://shs.cairn.info/revue-politique-americaine-2005-2-page-63?lang=fr&redirect-ssocas=7080">https://shs.cairn.info/revue-politique-americaine-2005-2-page-63?lang=fr&redirect-ssocas=7080</a>

Pas d'exemplaire disponible.

PLUDOC

PLUDOC est la plateforme unique et centralisée de gestion des bibliothèques physiques et numériques de Guinée administré par le CEDUST. Elle est la plus grande base de données de ressources documentaires pour les Étudiants, Enseignants chercheurs et Chercheurs de Guinée.

Adresse

627 919 101/664 919 101

25 boulevard du commerce
Kaloum, Conakry, Guinée

Réseaux sociaux

Powered by Netsen Group @ 2025